000 00700cam a22002537a 4500
001 001214
003 armpunfd
005 20140612090634.0
008 021224e0####xx#a##########000#0#und#d
040 _aarmpunfd
_carmpunfd
080 _a347.6 D 444
100 1 0 _a Sin Autores
245 1 0 _aDerecho de familia : guia de estudio
260 _a Guia De Estudio : Clases Desgrabadas
650 7 _a Derecho De Familia
_2LEMB
942 _cLB
_2cdu
945 _aCatalis
_d2010-08-19
945 _aCatalis
_d2010-08-19
945 _aCatalis
_d2010-08-19
945 _aCatalis
_d2010-08-19
945 _aCatalis
_d2010-08-19
945 _aCatalis
_d2010-08-19
945 _aCatalis
_d2010-08-19
999 _c1205
_d231709